| 000 | 00506nam a2200181Ia 4500 | ||
|---|---|---|---|
| 001 | 50973 | ||
| 008 | 140502s9999 xx 000 0 und d | ||
| 020 | _a9780385531351 | ||
| 040 | _cPK-LaUMT | ||
| 082 |
_a 956.013 _bHOL-S |
||
| 100 | _aHolland, Tom | ||
| 245 |
_aIn the shadow of the sword _bthe birth of Islam and the rise of the global Arab empire _cHolland, Tom |
||
| 260 |
_aNew York,USA: _bDoubleday, _c2012 |
||
| 300 | _a526 p. | ||
| 546 | _aEN | ||
| 650 | _aIslamic empire-History | ||
| 942 | _cBK | ||
| 999 |
_c48480 _d48480 |
||